Statistiques concernant Capitales les plus proches de Jakarta - une minute sprint

Cliquez ici pour prendre le quiz!

Statistiques générales

  • Ce quiz a été pris 31 fois
  • Le résultat moyen est 10 sur 20

Statistiques - réponses

kmcapitale% Correct
898Singapour
79%
2327Bangkok
75%
1188Kuala Lumpur
75%
2795Manille
75%
1988Phnom Penh
71%
3034Hanoï
67%
5014New Delhi
67%
3789Dacca
58%
2082Dili
58%
5222Pékin
54%
2731Vientiane
54%
1528Bandar Seri
Begawan
46%
3829Taipei
42%
3121Naypyidaw
38%
3882Malé
33%
4459Port Moresby
33%
3328Colombo
29%
4428Katmandou
25%
3441Ngerulmud
21%
4182Thimphou
21%

Distribution des résultats

Percentile par nombre de réponses

% des personnes avec chaque résultat

Votre développement - résultats

Vous n’avez pas pris ce quiz